Arquitectura Latinoamericana en el siglo XX

Αποθηκεύτηκε σε:
Λεπτομέρειες βιβλιογραφικής εγγραφής
Κύριος συγγραφέας: Gutiérrez, Ramón (arquitecto)
Μορφή: Βιβλίο
Γλώσσα:Ισπανικά
Έκδοση: Barcelona Lunwerg Editores S. A 1996
Έκδοση:1a. ed
Θέματα:
Ετικέτες: Προσθήκη ετικέτας
Δεν υπάρχουν, Καταχωρήστε ετικέτα πρώτοι!

MARC

LEADER 00000cam a2200000 a 4500
001 UCD9837
003 CL-VaPUC
008 170709e19960000sp |||||||||||||||||spa|d
020 |a 8477825106 
082 0 4 |a 720.98  |b GUT  |2 21 
100 |a Gutiérrez, Ramón  |e arquitecto  |9 593596 
245 1 0 |a Arquitectura Latinoamericana en el siglo XX 
250 |a 1a. ed 
300 |a 440 p 
942 |c BK 
945 |d 20170709 17:01:00  |a dcastane 
260 |a Barcelona  |b Lunwerg Editores S. A  |c 1996 
650 0 |a Historia de la arquitectura  |9 266241 
650 0 |a Arquitectura latinoamericana   |9 440705 
650 7 |a ESTILOS ARQUITECTONICOS  |2 CL-VaPUC  |9 372532 
583 |a last modification  |c 20170709 17:01:00  |k Rodrigo Vera 
999 |c 368856  |d 368854 
952 |0 0  |1 0  |3 erd  |4 0  |6 720_980000000000000_GUT_1996  |7 0  |8 A  |9 484307  |a BIBARQ  |b BIBARQ  |i 540665K  |o 720.98 GUT 1996  |p 540665K  |r 2025-01-20  |w 2019-11-24  |y BK  |z Catalogado en:20170709  |k ARQ